000 00598nam a2200229Ia 4500
005 20241129104248.0
008 241129s9999||||xx |||||||||||||| ||und||
020 _a9781529781205
037 _aTextual
040 _aRTL
_beng
_cRTL
041 _aeng
_2eng
084 _aX:51-8N91 Q5;R3
_qRTL
100 _aEgan John
245 0 _aMarketing communications
_cEgan John
250 _a4th
260 _aLos Angeles
_bSage
_c2023
300 _axiv,415p.
365 _aINR
_bRs.5294.94
650 _aMarketing
942 _cTB
_hX:51-8N91 Q5;R3
999 _c1225115
_d1225115